00762nam a22002057a 4500999001900000005001700019010001300036020002300049035001300072037001400085082000700099100002400106245008400130246004900214260004900263270006200312300002500374942002600399952013100425 c173604d17360420200303152244.0 aB-209007 a8182231620c180.00 aB-209007 bBPPD/Pub. aک aمسرور جہاں aاللہ تیری قدرت:bافسانوی مجموعہ /cمسرور جہاں aAllah Teri Qudrat (urdu) /bby Masroor Jahan aDelhibEducational Publishing Housec2006 ء a3108, Vakil Street, Kucha Pandit, Lal KuanbDelhie110006 a240p.c22cm(Hb)  2ddccURhکmم س ر 001040708FICaLbLd2020-03-03eBPPD/Ven.g180.00l0oک م س رpB-209007r2020-03-03 00:00:00t1v180.00w2020-03-03yUR